Plan de respuesta institucional municipal (PRIM)
El presente plan describe una serie de nueve manuales donde se selecciona una amenaza natural o antrópica, en cada uno de ellos se plasma los procedimientos y mecanismos para la organización de la repuesta, al fortalecimiento de las capacidades locales e institucionales y procesos de gestión de r...
| Main Authors: | , |
|---|---|
| Other Authors: | |
| Format: | Tesis Section = Libro |
| Language: | Undetermined Spanish |
| Published: |
Managua
UNI
2004
|
| Subjects: |
| LEADER | 01609nam a2200253Ia 4500 | ||
|---|---|---|---|
| 008 | 240830s9999 xx 000 0 und d | ||
| 040 | |a BIBLIOTECA-RUSB/ T.Mon 351.754 P438 | ||
| 041 | |a spa | ||
| 082 | |a T.Mon 351.754 P438 | ||
| 100 | 1 | |a Pérez Molina, Silvia Antonia | |
| 100 | 1 | |b Solís Jerez, Valeria | |
| 245 | 1 | 0 | |a Plan de respuesta institucional municipal (PRIM) |
| 260 | |a Managua |b UNI |c 2004 | ||
| 300 | |a 23 p. :il. | ||
| 502 | |a Tesis (Máster en Medio Ambiente, Prevención y Mitigación ante Desastres) - UNI, 2004. | ||
| 520 | 3 | |a El presente plan describe una serie de nueve manuales donde se selecciona una amenaza natural o antrópica, en cada uno de ellos se plasma los procedimientos y mecanismos para la organización de la repuesta, al fortalecimiento de las capacidades locales e institucionales y procesos de gestión de riesgo que contribuyan al desarrollo sostenible de cada uno de los municipios de Nicaragua. Plantea una estrategia que permita a los niveles municipales la aplicación de procesos de gestión del riesgo para contribuir al desarrollo y a la reducción de la vulnerabilidad que se presenta en cada municipio debido a la mala explotación de los recursos naturales y la ejecución de estrategia de desarrollo inadecuadas. | |
| 650 | 7 | |a PLANIFICACION Y ALIVIO DE DESASTRES Y EMERGENCIA - PRIM | |
| 650 | 7 | |b GESTION DEL RIESGO - PRIM | |
| 650 | 7 | |c DESARROLLO SOSTENIBLE - MUNICIPIOS | |
| 650 | 7 | |d PREVENCION, MITIGACION - DESASTRES NATURALES | |
| 700 | 1 | |a Tutor: |b Mendoza Velásquez, Francisco Antonio | |
| 942 | |c BK |2 ddc | ||
| 991 | |a TESIS | ||
| 999 | |c 21750 | ||